Państwa z językiem Germańskim jako większość- nagła śmierć - Statystyki

Ogólne statystyki
  • Ten quiz został rozwiązany 110 razy
  • Średni wynik to 5 z 12
Answers on the Grid
Answers color-coded by a green-red scale on the quiz's grid according to % correct below.
Niemcy
Flandria
Belgia
Dania
Austro-Węgry
Liechtenstein
Luksemburg
Islandia
Szwajcaria
Szwecja
Węgry
Berlin
Finlandia
RPA
Irlandia
Gujana
Surinam
Belize
Salwador
Germania
 
Statystyki odpowiedzi
Odpowiedź % Poprawnych
Niemcy
100%
Liechtenstein
67%
Szwajcaria
61%
Luksemburg
55%
Belgia
51%
Dania
49%
Szwecja
37%
Islandia
27%
Surinam
12%
Belize
6%
Irlandia
6%
Gujana
4%
Nie znaleziono quizów pasujących do podanych kryteriów
Rozkład punktacji
Procent ludzi z każdym wynikiem
Percentyl według liczby udzielonych odpowiedzi
Twoja historia wyników
Nie rozwiązałeś tego quizu